000 00900nas a2200265 i 4500
003 DO-SdBNP
005 20260521103023.0
007 ta
008 260521e2011 dr mn p|r||||||0| |0spa d
040 _aDO-SdBNP
_bspa
_cBNPHU
_erda
041 _aspa
110 _aGrupo Estrella
_989683
245 _aRevista Estrella /
_cGrupo Estrella.
264 _aSanto Domingo, República Dominicana :
_bGrupo Estrella,
_c2011.
300 _avolumen :
_bilustraciones, fotografías, cuadros, gráficas ;
_c30.5 x 23 cm.
310 _amensual
336 _atexto
_btxt
_2rdacontent
337 _asin mediación
_bn
_2rdamedia
338 _avolumen
_bnc
_2rdacarrier
362 _aAño 2. No. 4. abril, 2011.
500 _aUn diseño vanguardista y ecológico, único en República Dominicana.
521 _a
650 0 _aDiseño arquitectónico
_91824
_vPublicaciones periódicas
942 _2ddc
_cISSUE
999 _c60801
_d60801